000 00428pab a2200169 454500
008 180718b2013 xxu||||| |||| 00| 0 eng d
100 _aDownes, Ronnie
245 _aIreland state - government performance measurement
260 _c2013
300 _ap.189-200.
650 _aPublic administration
700 _aGearailt, Nic
700 _aKennedy, Fiachra
773 _aAdministration
908 _aN
909 _a102029
999 _c102027
_d102027